[Event "U14 Polish Youth Championship"]
[Site "chess24.com"]
[Date "2018.04.30"]
[Round "3"]
[White "Dzida, Kamil"]
[Black "Sieczkowski, Adam"]
[Result "1-0"]
[Board "11"]
[WhiteElo "1938"]
[WhiteCountry "POL"]
[WhiteFideId "21828652"]
[WhiteEloChange "4"]
[BlackElo "1695"]
[BlackCountry "POL"]
[BlackFideId "21835250"]
[BlackEloChange "-4"]

1. e4 {[%clk 1:30:59]} e5 {[%clk 1:30:39]} 2. Nf3 {[%clk 1:31:22]} Nc6 {[%clk
1:31:06]} 3. Bb5 {[%clk 1:31:45]} Nf6 {[%clk 1:30:58]} 4. d3 {[%clk 1:32:04]} d6
{[%clk 1:30:37]} 5. c3 {[%clk 1:30:42]} a6 {[%clk 1:30:31]} 6. Ba4 {[%clk
1:31:07]} Be7 {[%clk 1:29:24]} 7. O-O {[%clk 1:31:28]} Bg4 {[%clk 1:28:48]} 8.
Nbd2 {[%clk 1:31:29]} O-O {[%clk 1:28:26]} 9. Re1 {[%clk 1:31:22]} b5 {[%clk
1:28:24]} 10. Bc2 {[%clk 1:31:41]} Re8 {[%clk 1:24:16]} 11. h3 {[%clk 1:31:56]}
Bh5 {[%clk 1:24:38]} 12. Nf1 {[%clk 1:32:14]} Na5 {[%clk 1:16:25]} 13. Ng3 {[%clk
1:30:02]} g6 {[%clk 1:11:37]} 14. Nxh5 {[%clk 1:28:45]} Nxh5 {[%clk 1:12:02]} 15.
b4 {[%clk 1:29:09]} Nc6 {[%clk 1:12:07]} 16. Bb3 {[%clk 1:25:46]} Nb8 {[%clk
1:09:32]} 17. a4 {[%clk 1:25:11]} c6 {[%clk 1:08:42]} 18. axb5 {[%clk 1:24:06]}
cxb5 {[%clk 1:09:08]} 19. Bd5 {[%clk 1:24:08]} Ra7 {[%clk 1:09:22]} 20. Qb3
{[%clk 1:24:25]} Rf8 {[%clk 1:08:48]} 21. Bh6 {[%clk 1:24:34]} Ng7 {[%clk
1:09:01]} 22. Be3 {[%clk 1:23:51]} Rd7 {[%clk 1:09:02]} 23. d4 {[%clk 1:23:08]}
Bf6 {[%clk 1:07:47]} 24. dxe5 {[%clk 1:23:11]} dxe5 {[%clk 1:08:13]} 25. Bc5
{[%clk 1:23:28]} Re8 {[%clk 1:08:39]} 26. Red1 {[%clk 1:17:23]} Ne6 {[%clk
1:08:51]} 27. g3 {[%clk 1:15:41]} Qc7 {[%clk 1:01:31]} 28. Be3 {[%clk 1:13:07]}
Kg7 {[%clk 0:59:10]} 29. Rdc1 {[%clk 1:12:01]} Rd6 {[%clk 0:54:36]} 30. c4 {[%clk
1:10:41]} Qe7 {[%clk 0:51:20]} 31. cxb5 {[%clk 1:06:55]} axb5 {[%clk 0:51:32]}
32. Bc5 {[%clk 1:07:18]} Nxc5 {[%clk 0:51:45]} 33. bxc5 {[%clk 1:07:39]} Rd7
{[%clk 0:52:06]} 34. Qxb5 {[%clk 1:08:01]} Rc7 {[%clk 0:51:16]} 35. Ra8 {[%clk
1:07:43]} Nd7 {[%clk 0:43:41]} 36. Rxe8 {[%clk 1:07:33]} Qxe8 {[%clk 0:43:51]}
37. c6 {[%clk 1:06:06]} Nf8 {[%clk 0:42:39]} 38. Rb1 {[%clk 1:01:34]} Ne6 {[%clk
0:38:25]} 39. Qa6 {[%clk 0:59:05]} Ng5 {[%clk 0:26:32]} 40. Nxg5 {[%clk 0:57:40]}
Bxg5 {[%clk 0:26:57]} 41. Kg2 {[%clk 0:58:06]} Be7 {[%clk 0:27:13]} 42. Rb7
{[%clk 0:57:10]} Bd6 {[%clk 0:27:37]} 43. Qb6 {[%clk 0:56:53]} Qe7 {[%clk
0:28:01]} 44. Rb8 {[%clk 0:56:40]} Kh6 {[%clk 0:26:10]} 45. Rg8 {[%clk 0:56:31]}
Qg5 {[%clk 0:16:25]} 46. Qb2 {[%clk 0:55:10]} f5 {[%clk 0:12:53]} 47. h4 {[%clk
0:55:14]} Qf6 {[%clk 0:12:54]} 48. exf5 {[%clk 0:53:58]} gxf5 {[%clk 0:13:07]}
49. Qc1+ {[%clk 0:53:53]} f4 {[%clk 0:13:30]} 50. g4 {[%clk 0:54:07]} Qxh4 {[%clk
0:12:50]} 51. g5+ {[%clk 0:54:30]} Kh5 {[%clk 0:13:18]} 52. Bf3+ {[%clk 0:54:41]}
1-0

[Event "U14 Polish Youth Championship"]
[Site "chess24.com"]
[Date "2018.04.30"]
[Round "3"]
[White "Topola, Rafal"]
[Black "Oborski, Artur"]
[Result "0-1"]
[Board "12"]
[WhiteElo "1660"]
[WhiteCountry "POL"]
[WhiteFideId "21830533"]
[WhiteEloChange "-4"]
[BlackElo "1921"]
[BlackCountry "POL"]
[BlackFideId "21844810"]
[BlackEloChange "4"]

1. Nf3 {[%clk 1:30:57]} d5 {[%clk 1:30:42]} 2. g3 {[%clk 1:31:23]} Nf6 {[%clk
1:31:00]} 3. Bg2 {[%clk 1:31:40]} g6 {[%clk 1:29:33]} 4. b3 {[%clk 1:31:57]} Bg7
{[%clk 1:29:46]} 5. Bb2 {[%clk 1:32:17]} O-O {[%clk 1:30:07]} 6. O-O {[%clk
1:32:40]} c5 {[%clk 1:30:00]} 7. d3 {[%clk 1:32:25]} Nc6 {[%clk 1:30:14]} 8. Nbd2
{[%clk 1:31:58]} d4 {[%clk 1:14:48]} 9. Nc4 {[%clk 1:27:43]} Nd5 {[%clk 1:12:27]}
10. Re1 {[%clk 1:00:23]} e5 {[%clk 1:04:45]} 11. e4 {[%clk 0:59:31]} Nde7 {[%clk
1:00:14]} 12. a4 {[%clk 0:57:31]} Qc7 {[%clk 0:56:19]} 13. Qd2 {[%clk 0:57:47]}
Bd7 {[%clk 0:55:14]} 14. Ba3 {[%clk 0:58:06]} b6 {[%clk 0:55:01]} 15. Nh4 {[%clk
0:53:50]} Rae8 {[%clk 0:48:21]} 16. Bb2 {[%clk 0:46:35]} Nc8 {[%clk 0:39:30]} 17.
Rf1 {[%clk 0:39:53]} Nd6 {[%clk 0:38:05]} 18. Nxd6 {[%clk 0:40:15]} Qxd6 {[%clk
0:38:24]} 19. Qe2 {[%clk 0:37:03]} f5 {[%clk 0:35:58]} 20. exf5 {[%clk 0:36:24]}
gxf5 {[%clk 0:34:16]} 21. Rae1 {[%clk 0:34:01]} Nb4 {[%clk 0:28:27]} 22. Bc1
{[%clk 0:33:01]} Nd5 {[%clk 0:27:40]} 23. Bd2 {[%clk 0:32:03]} a6 {[%clk
0:22:34]} 24. Qd1 {[%clk 0:23:13]} b5 {[%clk 0:20:51]} 25. Qa1 {[%clk 0:22:38]}
Kh8 {[%clk 0:17:21]} 26. Qa3 {[%clk 0:21:17]} Bf6 {[%clk 0:15:25]} 27. Nf3 {[%clk
0:18:26]} e4 {[%clk 0:14:13]} 28. Bh6 {[%clk 0:13:28]} exf3 {[%clk 0:11:41]} 29.
Bxf8 {[%clk 0:13:46]} Rxf8 {[%clk 0:11:45]} 30. Bxf3 {[%clk 0:13:52]} f4 {[%clk
0:09:51]} 31. axb5 {[%clk 0:13:29]} axb5 {[%clk 0:10:06]} 32. Qc1 {[%clk
0:12:53]} Bg5 {[%clk 0:07:37]} 33. Qd1 {[%clk 0:05:18]} Nc3 {[%clk 0:06:45]} 34.
Qd2 {[%clk 0:04:43]} Bh3 {[%clk 0:06:37]} 35. Ra1 {[%clk 0:01:14]} Bxf1 {[%clk
0:06:49]} 36. h4 {[%clk 0:01:36]} Bh6 {[%clk 0:06:56]} 37. g4 {[%clk 0:00:49]}
Bh3 {[%clk 0:06:46]} 38. Bb7 {[%clk 0:00:35]} f3 {[%clk 0:06:20]} 39. Ra6 {[%clk
0:00:32]} Ne2+ {[%clk 0:06:07]} 40. Qxe2 {[%clk 0:00:36]} fxe2 {[%clk 0:06:30]}
0-1

[Event "U14 Polish Youth Championship"]
[Site "chess24.com"]
[Date "2018.04.30"]
[Round "3"]
[White "Luberanski, Jakub"]
[Black "Szydlo, Michal"]
[Result "0-1"]
[Board "13"]
[WhiteElo "1880"]
[WhiteCountry "POL"]
[WhiteFideId "21830509"]
[WhiteEloChange "-15"]
[BlackElo "1673"]
[BlackCountry "POL"]
[BlackFideId "21810540"]
[BlackEloChange "15"]

1. e4 {[%clk 1:30:59]} c5 {[%clk 1:30:58]} 2. Nf3 {[%clk 1:31:26]} d6 {[%clk
1:31:27]} 3. d4 {[%clk 1:31:50]} cxd4 {[%clk 1:31:54]} 4. Nxd4 {[%clk 1:32:17]}
Nf6 {[%clk 1:32:21]} 5. Nc3 {[%clk 1:32:42]} a6 {[%clk 1:32:49]} 6. Be2 {[%clk
1:33:07]} e5 {[%clk 1:33:06]} 7. Nb3 {[%clk 1:33:23]} Be7 {[%clk 1:32:28]} 8. Bg5
{[%clk 1:32:40]} Be6 {[%clk 1:30:45]} 9. Bxf6 {[%clk 1:31:46]} Bxf6 {[%clk
1:30:53]} 10. Qd3 {[%clk 1:31:23]} Qc7 {[%clk 1:29:01]} 11. O-O {[%clk 1:27:35]}
O-O {[%clk 1:28:40]} 12. Rfd1 {[%clk 1:21:20]} Be7 {[%clk 1:27:24]} 13. a4 {[%clk
1:18:04]} Nc6 {[%clk 1:24:47]} 14. Bf3 {[%clk 1:14:52]} Na5 {[%clk 1:20:37]} 15.
Nxa5 {[%clk 1:09:54]} Qxa5 {[%clk 1:20:49]} 16. Qe2 {[%clk 1:06:32]} g6 {[%clk
1:19:01]} 17. g3 {[%clk 1:02:40]} Rac8 {[%clk 1:15:00]} 18. Bg2 {[%clk 0:56:02]}
Qb6 {[%clk 1:11:19]} 19. Rab1 {[%clk 0:55:20]} Rc7 {[%clk 1:03:49]} 20. h4 {[%clk
0:49:50]} Rfc8 {[%clk 0:51:37]} 21. Kh2 {[%clk 0:47:58]} Rc5 {[%clk 0:42:00]} 22.
Bh3 {[%clk 0:44:15]} Rf8 {[%clk 0:33:47]} 23. Qe3 {[%clk 0:31:22]} Rc6 {[%clk
0:31:49]} 24. Qxb6 {[%clk 0:22:56]} Rxb6 {[%clk 0:32:18]} 25. Bxe6 {[%clk
0:16:23]} fxe6 {[%clk 0:32:45]} 26. Kg2 {[%clk 0:16:48]} Rc6 {[%clk 0:28:58]} 27.
Rd2 {[%clk 0:15:56]} Rfc8 {[%clk 0:27:25]} 28. Rc1 {[%clk 0:16:18]} g5 {[%clk
0:23:54]} 29. Kh3 {[%clk 0:14:31]} Kg7 {[%clk 0:21:00]} 30. h5 {[%clk 0:14:10]}
h6 {[%clk 0:20:18]} 31. Kg4 {[%clk 0:14:24]} Rc4 {[%clk 0:19:16]} 32. Kh3 {[%clk
0:11:12]} Rb4 {[%clk 0:19:40]} 33. Nd1 {[%clk 0:08:27]} Rxe4 {[%clk 0:20:04]} 34.
b3 {[%clk 0:08:25]} g4+ {[%clk 0:18:14]} 35. Kg2 {[%clk 0:08:44]} Bg5 {[%clk
0:16:24]} 36. Ne3 {[%clk 0:08:59]} Rxe3 {[%clk 0:16:09]} 37. fxe3 {[%clk
0:09:11]} Bxe3 {[%clk 0:16:35]} 38. Rcd1 {[%clk 0:09:20]} Bxd2 {[%clk 0:16:40]}
39. Rxd2 {[%clk 0:09:49]} d5 {[%clk 0:15:20]} 40. c4 {[%clk 0:08:24]} dxc4 {[%clk
0:15:44]} 41. bxc4 {[%clk 0:08:51]} Rxc4 {[%clk 0:15:41]} 42. Rd7+ {[%clk
0:09:16]} Kf6 {[%clk 0:15:56]} 43. a5 {[%clk 0:08:47]} Rc5 {[%clk 0:16:01]} 44.
Rxb7 {[%clk 0:09:04]} Rxa5 {[%clk 0:16:28]} 45. Rb6 {[%clk 0:07:47]} Ra2+ {[%clk
0:16:26]} 46. Kf1 {[%clk 0:08:08]} Rh2 {[%clk 0:15:00]} 47. Rxa6 {[%clk 0:08:30]}
Rxh5 {[%clk 0:15:28]} 48. Kf2 {[%clk 0:08:43]} Rf5+ {[%clk 0:15:55]} 49. Kg2
{[%clk 0:08:43]} Rf3 {[%clk 0:15:11]} 50. Ra4 {[%clk 0:06:48]} Kf5 {[%clk
0:14:29]} 51. Ra5 {[%clk 0:07:16]} Rd3 {[%clk 0:14:36]} 52. Kf2 {[%clk 0:07:22]}
Rd5 {[%clk 0:10:55]} 53. Ra4 {[%clk 0:06:53]} e4 {[%clk 0:10:58]} 54. Ke2 {[%clk
0:07:01]} Rd3 {[%clk 0:10:04]} 55. Ra5+ {[%clk 0:05:47]} e5 {[%clk 0:10:13]} 56.
Ra6 {[%clk 0:05:54]} Rxg3 {[%clk 0:09:58]} 57. Rxh6 {[%clk 0:06:18]} e3 {[%clk
0:09:02]} 58. Rh8 {[%clk 0:06:24]} Ke4 {[%clk 0:08:52]} 59. Ra8 {[%clk 0:06:23]}
Rg2+ {[%clk 0:08:57]} 60. Ke1 {[%clk 0:06:29]} g3 {[%clk 0:08:13]} 61. Rg8 {[%clk
0:06:16]} Kf3 {[%clk 0:05:44]} 62. Rf8+ {[%clk 0:06:37]} Kg4 {[%clk 0:06:12]} 63.
Rg8+ {[%clk 0:06:34]} Kf5 {[%clk 0:06:09]} 64. Rf8+ {[%clk 0:06:56]} Ke6 {[%clk
0:05:47]} 65. Re8+ {[%clk 0:06:29]} Kd6 {[%clk 0:06:08]} 66. Rd8+ {[%clk
0:06:45]} Ke7 {[%clk 0:06:11]} 67. Ra8 {[%clk 0:04:52]} Rf2 {[%clk 0:06:12]} 68.
Ra7+ {[%clk 0:05:04]} Ke6 {[%clk 0:06:24]} 69. Ra6+ {[%clk 0:05:18]} Kd5 {[%clk
0:06:16]} 70. Ra5+ {[%clk 0:05:44]} Ke4 {[%clk 0:06:35]} 71. Ra4+ {[%clk
0:06:07]} Kf3 {[%clk 0:06:51]} 72. Ra8 {[%clk 0:06:27]} g2 {[%clk 0:06:31]} 73.
Rf8+ {[%clk 0:06:52]} Ke4 {[%clk 0:06:37]} 74. Rxf2 {[%clk 0:07:12]} 0-1

[Event "U14 Polish Youth Championship"]
[Site "chess24.com"]
[Date "2018.04.30"]
[Round "3"]
[White "Cwiek, Ryszard"]
[Black "Kacprzak, Kacper"]
[Result "0-1"]
[Board "14"]
[WhiteElo "1809"]
[WhiteCountry "POL"]
[WhiteFideId "21840920"]
[WhiteEloChange "-14"]
[BlackElo "1668"]
[BlackCountry "POL"]
[BlackFideId "21819319"]
[BlackEloChange "14"]

1. e4 {[%clk 1:30:54]} e6 {[%clk 1:30:42]} 2. Nf3 {[%clk 1:30:21]} d5 {[%clk
1:30:39]} 3. Nc3 {[%clk 1:29:46]} Nf6 {[%clk 1:30:54]} 4. e5 {[%clk 1:28:46]}
Nfd7 {[%clk 1:31:19]} 5. d4 {[%clk 1:28:23]} c5 {[%clk 1:31:39]} 6. dxc5 {[%clk
1:27:02]} Nc6 {[%clk 1:31:57]} 7. Bf4 {[%clk 1:25:55]} Nxc5 {[%clk 1:30:42]} 8.
Be2 {[%clk 1:24:00]} Be7 {[%clk 1:28:51]} 9. a3 {[%clk 1:19:14]} a5 {[%clk
1:25:33]} 10. Nd4 {[%clk 1:15:30]} O-O {[%clk 1:22:30]} 11. O-O {[%clk 1:13:55]}
Nd7 {[%clk 1:21:12]} 12. Nxc6 {[%clk 1:10:38]} bxc6 {[%clk 1:21:37]} 13. Bg3
{[%clk 1:09:48]} Qc7 {[%clk 1:20:22]} 14. Bd3 {[%clk 1:09:08]} Nc5 {[%clk
1:18:31]} 15. Kh1 {[%clk 1:07:01]} Nxd3 {[%clk 1:18:06]} 16. cxd3 {[%clk
1:07:24]} Ba6 {[%clk 1:17:11]} 17. Qd2 {[%clk 1:05:55]} Rab8 {[%clk 1:16:13]} 18.
Rab1 {[%clk 1:05:08]} Rb3 {[%clk 1:14:59]} 19. Qc2 {[%clk 1:02:55]} Rfb8 {[%clk
1:14:09]} 20. Rfd1 {[%clk 1:01:17]} Qb6 {[%clk 1:08:57]} 21. Rd2 {[%clk 0:58:06]}
d4 {[%clk 1:06:23]} 22. Na4 {[%clk 0:50:19]} Qb5 {[%clk 1:06:43]} 23. Qc4 {[%clk
0:50:29]} Rxa3 {[%clk 1:02:28]} 24. Qxb5 {[%clk 0:49:17]} Rxb5 {[%clk 1:02:53]}
25. Rc2 {[%clk 0:49:17]} Rxa4 {[%clk 1:01:53]} 26. h3 {[%clk 0:49:31]} c5 {[%clk
1:02:12]} 27. f4 {[%clk 0:49:38]} Rb3 {[%clk 1:02:28]} 28. Rbc1 {[%clk 0:49:46]}
Bxd3 {[%clk 1:02:29]} 29. Rxc5 {[%clk 0:49:59]} Bxc5 {[%clk 1:02:51]} 30. Rxc5
{[%clk 0:50:23]} h6 {[%clk 1:03:16]} 31. Kh2 {[%clk 0:50:17]} Rxb2 {[%clk
1:03:34]} 32. Be1 {[%clk 0:50:27]} Raa2 {[%clk 1:03:56]} 33. Kg3 {[%clk 0:50:28]}
Rxg2+ {[%clk 1:04:18]} 34. Kh4 {[%clk 0:50:54]} Be2 {[%clk 1:04:22]} 35. Bg3
{[%clk 0:50:49]} g5+ {[%clk 1:04:48]} 36. fxg5 {[%clk 0:51:15]} hxg5+ {[%clk
1:05:15]} 37. Kxg5 {[%clk 0:51:38]} Rxg3+ {[%clk 1:05:41]} 38. Kh4 {[%clk
0:51:49]} Raa3 {[%clk 1:05:37]} 39. Rc8+ {[%clk 0:52:03]} Kh7 {[%clk 1:05:54]}
40. Rh8+ {[%clk 0:51:51]} Kg6 {[%clk 1:06:19]} 41. Rh6+ {[%clk 0:52:00]} Kf5
{[%clk 1:06:38]} 42. Rf6+ {[%clk 0:52:16]} Ke4 {[%clk 1:06:57]} 43. Rf4+ {[%clk
0:52:33]} Ke3 {[%clk 1:06:34]} 44. Re4+ {[%clk 0:52:51]} Kd2 {[%clk 1:06:51]} 45.
Rxd4+ {[%clk 0:53:03]} Rgd3 {[%clk 1:07:15]} 46. Rxd3+ {[%clk 0:53:26]} Bxd3
{[%clk 1:07:35]} 47. Kg5 {[%clk 0:53:50]} a4 {[%clk 1:07:57]} 48. h4 {[%clk
0:54:16]} Ra1 {[%clk 1:08:21]} 49. h5 {[%clk 0:54:37]} a3 {[%clk 1:08:32]} 50.
Kh6 {[%clk 0:54:47]} a2 {[%clk 1:08:51]} 51. Kg7 {[%clk 0:55:12]} Rg1+ {[%clk
1:09:15]} 52. Kh6 {[%clk 0:55:36]} Bg6 {[%clk 1:09:28]} 53. Kg7 {[%clk 0:55:31]}
Bxh5+ {[%clk 1:09:48]} 54. Kh6 {[%clk 0:55:51]} a1Q {[%clk 1:10:10]} 55. Kxh5
{[%clk 0:56:14]} Qa8 {[%clk 1:10:32]} 56. Kh6 {[%clk 0:56:38]} Qh8# {[%clk
1:10:56]} 0-1

[Event "U14 Polish Youth Championship"]
[Site "chess24.com"]
[Date "2018.04.30"]
[Round "3"]
[White "Majdanski, Maksymilian"]
[Black "Kacprzak, Karol"]
[Result "1-0"]
[Board "15"]
[WhiteElo "1626"]
[WhiteCountry "POL"]
[WhiteFideId "21820570"]
[WhiteEloChange "14"]
[BlackElo "1794"]
[BlackCountry "POL"]
[BlackFideId "21819327"]
[BlackEloChange "-14"]

1. d4 {[%clk 1:30:57]} Nf6 {[%clk 1:30:55]} 2. c4 {[%clk 1:31:18]} c5 {[%clk
1:31:12]} 3. d5 {[%clk 1:31:13]} b5 {[%clk 1:31:35]} 4. cxb5 {[%clk 1:31:18]} a6
{[%clk 1:31:56]} 5. bxa6 {[%clk 1:31:25]} Bxa6 {[%clk 1:32:18]} 6. Nc3 {[%clk
1:31:27]} d6 {[%clk 1:32:30]} 7. e4 {[%clk 1:31:28]} Bxf1 {[%clk 1:32:16]} 8.
Kxf1 {[%clk 1:31:50]} g6 {[%clk 1:32:29]} 9. g3 {[%clk 1:31:52]} Bg7 {[%clk
1:32:02]} 10. Kg2 {[%clk 1:31:43]} Nbd7 {[%clk 1:31:10]} 11. Nf3 {[%clk 1:31:14]}
O-O {[%clk 1:30:53]} 12. Re1 {[%clk 1:29:50]} Rb8 {[%clk 1:30:53]} 13. a4 {[%clk
1:25:05]} Ng4 {[%clk 1:22:49]} 14. Nd2 {[%clk 1:23:23]} Nge5 {[%clk 1:22:53]} 15.
Qe2 {[%clk 1:23:05]} Nb6 {[%clk 1:16:24]} 16. a5 {[%clk 1:19:55]} Ra8 {[%clk
1:16:36]} 17. f4 {[%clk 1:19:08]} Ned7 {[%clk 1:16:46]} 18. Ra2 {[%clk 1:12:17]}
Nc8 {[%clk 1:15:51]} 19. Nc4 {[%clk 1:11:02]} Qc7 {[%clk 1:14:05]} 20. Be3 {[%clk
1:08:05]} Nb8 {[%clk 1:12:35]} 21. Na4 {[%clk 1:00:43]} Na6 {[%clk 1:10:22]} 22.
Nab6 {[%clk 0:58:31]} Ra7 {[%clk 1:10:35]} 23. Bd2 {[%clk 0:55:48]} Qb7 {[%clk
1:04:28]} 24. Rb1 {[%clk 0:51:10]} Nc7 {[%clk 0:54:46]} 25. b4 {[%clk 0:45:03]}
Nb5 {[%clk 0:50:20]} 26. Nxc8 {[%clk 0:40:12]} Qxc8 {[%clk 0:44:34]} 27. Nb6
{[%clk 0:39:25]} Qe8 {[%clk 0:44:48]} 28. bxc5 {[%clk 0:37:44]} Nc3 {[%clk
0:40:26]} 29. Bxc3 {[%clk 0:37:15]} Bxc3 {[%clk 0:40:09]} 30. c6 {[%clk 0:36:55]}
Bxa5 {[%clk 0:40:14]} 31. Nd7 {[%clk 0:36:52]} Ra8 {[%clk 0:39:59]} 32. Nxf8
{[%clk 0:36:34]} Qxf8 {[%clk 0:40:22]} 33. Rba1 {[%clk 0:36:52]} 1-0

[Event "U14 Polish Youth Championship"]
[Site "chess24.com"]
[Date "2018.04.30"]
[Round "3"]
[White "Czechowski, Jakub"]
[Black "Kozlowski, Michal"]
[Result "1-0"]
[Board "16"]
[WhiteElo "1770"]
[WhiteCountry "POL"]
[WhiteFideId "21820511"]
[WhiteEloChange "7"]
[BlackElo "1648"]
[BlackCountry "POL"]
[BlackFideId "21838194"]
[BlackEloChange "-7"]

1. d4 {[%clk 1:30:59]} d5 {[%clk 1:30:53]} 2. c4 {[%clk 1:31:26]} e6 {[%clk
1:31:09]} 3. Nf3 {[%clk 1:31:54]} Nf6 {[%clk 1:31:32]} 4. Bg5 {[%clk 1:32:20]}
Be7 {[%clk 1:31:57]} 5. e3 {[%clk 1:32:47]} Nbd7 {[%clk 1:31:59]} 6. Nc3 {[%clk
1:33:10]} b6 {[%clk 1:31:56]} 7. Rc1 {[%clk 1:33:38]} Bb7 {[%clk 1:31:24]} 8.
cxd5 {[%clk 1:32:56]} exd5 {[%clk 1:31:31]} 9. Bd3 {[%clk 1:33:20]} O-O {[%clk
1:30:18]} 10. O-O {[%clk 1:33:31]} Ne4 {[%clk 1:29:18]} 11. Bf4 {[%clk 1:32:59]}
c6 {[%clk 1:28:30]} 12. Nxe4 {[%clk 1:33:20]} dxe4 {[%clk 1:28:52]} 13. Bxe4
{[%clk 1:33:46]} Rc8 {[%clk 1:29:14]} 14. Ne5 {[%clk 1:33:20]} Nxe5 {[%clk
1:29:28]} 15. Bxe5 {[%clk 1:33:47]} f6 {[%clk 1:28:23]} 16. Bg3 {[%clk 1:32:16]}
g6 {[%clk 1:27:44]} 17. Qf3 {[%clk 1:32:17]} Qd7 {[%clk 1:27:49]} 18. Qe2 {[%clk
1:31:45]} Kg7 {[%clk 1:27:20]} 19. h3 {[%clk 1:31:54]} Qe6 {[%clk 1:27:27]} 20.
Bf3 {[%clk 1:31:04]} Bd6 {[%clk 1:26:31]} 21. Bxd6 {[%clk 1:30:39]} Qxd6 {[%clk
1:26:55]} 22. Rc3 {[%clk 1:30:40]} Rc7 {[%clk 1:26:44]} 23. Rfc1 {[%clk 1:31:03]}
Rfc8 {[%clk 1:27:08]} 24. a3 {[%clk 1:31:06]} a5 {[%clk 1:27:20]} 25. R1c2 {[%clk
1:30:14]} Qe7 {[%clk 1:25:26]} 26. Qd2 {[%clk 1:29:40]} f5 {[%clk 1:24:48]} 27.
d5 {[%clk 1:25:09]} cxd5 {[%clk 1:25:01]} 28. Qd4+ {[%clk 1:25:35]} Kg8 {[%clk
1:25:19]} 29. Qxb6 {[%clk 1:22:53]} Rxc3 {[%clk 1:25:15]} 30. Rxc3 {[%clk
1:23:17]} Rxc3 {[%clk 1:24:30]} 31. bxc3 {[%clk 1:23:45]} a4 {[%clk 1:23:35]} 32.
Qb4 {[%clk 1:23:15]} Qd7 {[%clk 1:23:33]} 33. c4 {[%clk 1:20:30]} Kg7 {[%clk
1:22:41]} 34. Qc3+ {[%clk 1:19:41]} Kg8 {[%clk 1:22:22]} 35. Qd4 {[%clk 1:20:04]}
Qd6 {[%clk 1:20:58]} 36. Bxd5+ {[%clk 1:20:26]} Bxd5 {[%clk 1:21:24]} 37. Qxd5+
{[%clk 1:20:53]} Qxd5 {[%clk 1:21:47]} 38. cxd5 {[%clk 1:21:18]} Kf8 {[%clk
1:22:09]} 39. f3 {[%clk 1:21:42]} f4 {[%clk 1:22:13]} 40. e4 {[%clk 1:22:10]} 1-0

[Event "U14 Polish Youth Championship"]
[Site "chess24.com"]
[Date "2018.04.30"]
[Round "3"]
[White "Iwaszkiewicz, Krzysztof"]
[Black "Wolaniecki, Patryk"]
[Result "1-0"]
[Board "17"]
[WhiteElo "1530"]
[WhiteCountry "POL"]
[WhiteFideId "21810222"]
[WhiteEloChange "16"]
[BlackElo "1762"]
[BlackCountry "POL"]
[BlackFideId "1193783"]
[BlackEloChange "-16"]

1. d4 {[%clk 1:30:59]} Nf6 {[%clk 1:30:59]} 2. c4 {[%clk 1:31:22]} e6 {[%clk
1:31:26]} 3. Nc3 {[%clk 1:31:48]} Bb4 {[%clk 1:31:52]} 4. Qc2 {[%clk 1:32:10]} d5
{[%clk 1:32:09]} 5. a3 {[%clk 1:32:14]} Be7 {[%clk 1:32:25]} 6. cxd5 {[%clk
1:32:19]} exd5 {[%clk 1:32:40]} 7. Bg5 {[%clk 1:32:24]} O-O {[%clk 1:32:45]} 8.
e3 {[%clk 1:32:50]} h6 {[%clk 1:30:13]} 9. Bh4 {[%clk 1:33:12]} Be6 {[%clk
1:30:41]} 10. Bd3 {[%clk 1:33:10]} Nbd7 {[%clk 1:27:19]} 11. Nge2 {[%clk
1:30:22]} c5 {[%clk 1:16:19]} 12. O-O {[%clk 1:29:09]} Rc8 {[%clk 1:02:31]} 13.
Rad1 {[%clk 1:28:11]} c4 {[%clk 1:01:03]} 14. Bf5 {[%clk 1:27:03]} a6 {[%clk
0:56:50]} 15. Bxe6 {[%clk 1:20:10]} fxe6 {[%clk 0:56:59]} 16. Nf4 {[%clk
1:19:52]} Rc6 {[%clk 0:56:37]} 17. Ng6 {[%clk 1:20:14]} Rf7 {[%clk 0:56:25]} 18.
e4 {[%clk 1:18:11]} dxe4 {[%clk 0:52:39]} 19. Nxe4 {[%clk 1:18:10]} Nd5 {[%clk
0:52:03]} 20. Nxe7+ {[%clk 1:16:57]} Nxe7 {[%clk 0:52:24]} 21. Nc5 {[%clk
1:16:51]} Qc8 {[%clk 0:47:29]} 22. Bxe7 {[%clk 1:11:48]} Rxe7 {[%clk 0:47:13]}
23. Nxd7 {[%clk 1:10:24]} Rxd7 {[%clk 0:43:52]} 24. Rfe1 {[%clk 1:07:07]} Rcd6
{[%clk 0:41:08]} 25. Re4 {[%clk 1:01:37]} b5 {[%clk 0:37:18]} 26. h3 {[%clk
1:01:42]} Rf7 {[%clk 0:27:46]} 27. Rde1 {[%clk 1:00:25]} Rf5 {[%clk 0:25:46]} 28.
Qe2 {[%clk 0:59:21]} Kf7 {[%clk 0:17:54]} 29. Qg4 {[%clk 0:57:06]} g6 {[%clk
0:11:29]} 30. Qh4 {[%clk 0:55:34]} Qf8 {[%clk 0:01:40]} 31. R1e3 {[%clk 0:53:26]}
Qg7 {[%clk 0:00:46]} 32. Qg4 {[%clk 0:52:02]} Qf6 {[%clk 0:00:40]} 33. Re2 {[%clk
0:51:25]} h5 {[%clk 0:00:40]} 34. Qg3 {[%clk 0:51:25]} Qd8 {[%clk 0:01:08]} 35.
Qe3 {[%clk 0:51:39]} Qd7 {[%clk 0:00:42]} 36. Qh6 {[%clk 0:50:34]} Rf6 {[%clk
0:01:01]} 37. Qh7+ {[%clk 0:49:55]} Ke8 {[%clk 0:00:58]} 38. Qg8+ {[%clk
0:50:13]} Ke7 {[%clk 0:00:53]} 39. Qg7+ {[%clk 0:50:27]} Rf7 {[%clk 0:01:04]} 40.
Qxg6 {[%clk 0:50:46]} Rxd4 {[%clk 0:01:15]} 41. Qxe6+ {[%clk 0:49:13]} Qxe6
{[%clk 0:00:48]} 42. Rxe6+ {[%clk 0:49:38]} Kf8 {[%clk 0:01:10]} 43. Rxa6 {[%clk
0:49:41]} Rfd7 {[%clk 0:01:18]} 44. Rf6+ {[%clk 0:48:04]} Kg7 {[%clk 0:01:43]}
45. Rf5 {[%clk 0:48:27]} Rb7 {[%clk 0:01:47]} 46. Rxh5 {[%clk 0:48:43]} b4 {[%clk
0:01:42]} 47. axb4 {[%clk 0:49:08]} Rxb4 {[%clk 0:02:09]} 48. Kh2 {[%clk
0:48:56]} Rd3 {[%clk 0:02:27]} 49. Rh4 {[%clk 0:48:59]} Rdb3 {[%clk 0:02:44]} 50.
Rg4+ {[%clk 0:48:38]} Kf6 {[%clk 0:02:50]} 51. f3 {[%clk 0:49:00]} 1-0